Terrorism : (Record no. 64971)

MARC details
000 -LEADER
fixed length control field 00421nam a22001457a 4500
005 - DATE AND TIME OF LATEST TRANSACTION
control field 20180809124454.0
020 ## - INTERNATIONAL STANDARD BOOK NUMBER
International Standard Book Number 8172730268
Terms of availability 00.00
035 ## - SYSTEM CONTROL NUMBER
System control number B-18738, B-018740
037 ## - SOURCE OF ACQUISITION
Stock number DPL
Source of stock number/acquisition ENG
100 ## - MAIN ENTRY--PERSONAL NAME
Personal name Singh, Sudhir Kumar
245 ## - TITLE STATEMENT
Title Terrorism :
Remainder of title A global phenomenon /
Statement of responsibility, etc by Sudhir Kumar Singh
260 ## - PUBLICATION, DISTRIBUTION, ETC. (IMPRINT)
Place of publication, distribution, etc Delhi
Name of publisher, distributor, etc Authorpress
Date of publication, distribution, etc 2000
300 ## - PHYSICAL DESCRIPTION
Extent v, 346p.
Dimensions 20 cms.
942 ## - ADDED ENTRY ELEMENTS (KOHA)
Source of classification or shelving scheme Dewey Decimal Classification
Item type English Books
Classification part 303.625
Call number suffix SUD
Holdings
Withdrawn status Lost status Not for loan Collection code Home library Current library Date acquired Cost, normal purchase price Full call number Barcode Cost, replacement price Koha item type Source of acquisition
      Non-fiction Sarojini Nagar Sarojini Nagar 13/04/2012 0.00 303.625 SUD B-18738 0.00 English Books  
      Non-fiction Shahdara Branch Shahdara Branch 09/08/2018 0.00 303.625 SUD B-018740 0.00 English Books BPPD/PUB

© Delhi Public Library
Hit Counter
free hit counter